Wymień jak najwięcej skoczków narciarskich - Statystyki

Ogólne statystyki
  • Ten quiz został rozwiązany 39 razy
  • Średni wynik to 44 z 302
Statystyki odpowiedzi
Hint Odpowiedź % Poprawnych
Polska 2003-2026 Kamil Stoch
100%
tatazuzanny Dawid Kubacki
97%
garbik fajeczka Piotr Żyła
97%
fenomenspołeczny Adam Małysz
94%
ekspert eurosport Jakub Kot
77%
2010- Maciej Kot
77%
Austria253,5m Stefan Kraft
65%
średni z braci Cene Prevc
61%
aktualny dominator Domen Prevc
61%
2025- Kacper Tomasiak
61%
JaponiaGOAT Ryoyu Kobayashi
61%
Mem kadry Aleksander Zniszczoł
58%
Wisła 2016 Junshiro Kobayashi
58%
Słowenia2016 dominator Peter Prevc
58%
Sakutaro Kobayashi
58%
Prezes PZN Apoloniusz Tajner
55%
1987-dziślegenda Noriaki Kasai
55%
Pyongchang 2018 Stefan Hula
55%
Tomisław Tajner
55%
Red Bull Andreas Wellinger
52%
Gej Andrzej Stękała
52%
Engelberg 2013 Jan ZIobro
48%
Rysiu Piątek Richard Freitag
48%
Afera Kombinezonowa Johann Andre Forfang
45%
wiecznie 13 letni Klemens Murańka
45%
Szwajcaria4x złoto IO Simon Ammann
45%
Sapporo 1972 Wojciech Fortuna
45%
NiemcyOszust kombinezonowy Karl Geiger
42%
2024/25 Paweł Wąsek
42%
2014/15 Severin Freund
42%
FinlandiaFacet skała Janne Ahonen
39%
Klingenthal 2013 Krzysztof Biegun
39%
Keichi Sato
35%
Trener Polski 2025- Maciej Maciusiak
35%
Syn gościa na górze Mico Ahonen
35%
Wąsacz Robert Johansson
35%
filigranowy Yukiya Sato
35%
Kubacki Anze Lanisek
32%
Upadek Planica Daniel Andre Tande
32%
Frajer Halvor Egner Granerud
32%
Jaaa Markus Eisenbichler
32%
Rywal Adama Sven Hannawald
32%
Groźne upadki Thomas Morgenstern
32%
Ma znanego wuja Tomasz Pilch
32%
Estonia Artti Aigro
29%
Daiki Ito
29%
Jakub Wolny
29%
Jan Hoerl
29%
Trener Polski2008-2016 Łukasz Kruczek
29%
IO 2022 Marius Lindvik
29%
SympatycznyJapończyk Naoki Nakamura
29%
2024/2025 Daniel Tschofenig
26%
Wysoki Szwajcar Gregor Deschwanden
26%
Syn Wernera Jonas Schuster
26%
Jedna narta Manuel Fettner
26%
Lotnik z kucykiem Martin Koch
26%
przyjaciel Krafta Michael Hayboeck
26%
Kaufland Phillip Raimund
26%
Rekord Światalata 80 Piotr Fijas
26%
Arcylotnik Robert Kranjec
26%
Człowiek bula Robert Mateja
26%
Bułgaria Vladimir Zografski
26%
315 metrów Antti Aalto
23%
Constantin Schmid
23%
Grzegorz Miętus
23%
Krzysztof Miętus
23%
Milka Martin Schmitt
23%
CzechyJęzyk w locie Roman Koudelka
23%
Trener Polski2016-2019 Stefan Horngacher
23%
Słoweński Żyła Timi Zajc
23%
2011/2012 Anders Bardal
19%
Dominik Peter
19%
Fenomen redbullowy Gregor Schlierenzauer
19%
Trener Bułgara Grzegorz Sobczyk
19%
Wtopa Szaranowicza Jakub Janda
19%
Jewhen Marusiak
19%
Łukasz Rutkowski
19%
Mateusz Rutkowski
19%
Lillehammer 2024 Maximilian Ortner
19%
2024/2025 Pius Paschke
19%
MŚ 2015 Rune Velta
19%
Stanisław Bobak
19%
Podoba się Babiarzowi Alex Insam
16%
NorwegiaRekord Świata 2015 Anders Fannemel
16%
Loser 2007 Anders Jacobsen
16%
2010 vibe Andreas Kofler
16%
Lotnik 2018 Andreas Stjernen
16%
Felix Hoffmann
16%
Jens Weissflog
16%
Rekord Świata 2011 Johann Remen Evensen
16%
Innsbruck 2019 Killian Peier
16%
Klemens Joniak
16%
Lake Placid Lovro Kos
16%
Marcin Bachleda
16%
Drugi po Ryoyuaktualnie Ren Nikaido
16%
Wielka Krokiew Stanisław Marusarz
16%
Taku Takeuchi
16%
TCS 2013-14 Thomas Diethart
16%
Ziga Jelar
16%
Adam Niżnik
13%
Andreas Isak Langmo
13%
Andreas Wank
13%
Innsbruck 2014 Anssi Koivuranta
13%
Zakopane 2018 Anze Semenic
13%
Benjamin Oestvold
13%
Włochy Davide Bresadola
13%
Zwolennik Putina Evgeniy Klimov
13%
Nietypowy telemark Giovanni Bresadola
13%
Kontuzja 2015/16 Kenneth Gangnes
13%
Stephan Leyhe
13%
FrancjaWielki Talent Valentin Foubert
13%
Wojciech Skupień
13%
Trener Austriaków+- 2019 Andreas Felder
10%
Trener Austriakówobecnie Andreas Widhoelzl
10%
Lotnik (*) Antonin Hajek
10%
Bartłomiej Kłusek
10%
Casey Larson
10%
Cestmir Kozisek
10%
Rumunia Daniel Andrei Cacina
10%
Upadek w Zakopanem David SIegel
10%
Turcjakoślawy lot Fatih Arda Ipcioglu
10%
syn Federico Cecon
10%
syn Francesco Cecon
10%
Fredrik Villumstad
10%
Harri Olli
10%
Słowacja Hektor Kapustik
10%
Jan Habdas
10%
Jarosław Krzak
10%
Ruka 2017 Jernej Damjan
10%
Lotnik syn tego poniżej Jurij Tepes
10%
Kacper Juroszek
10%
5x20 Kazuyoshi Funaki
10%
Trener Japończyków aktualnie Kento Sakuyama
10%
Kristofer Eriksen Sundal
10%
Luca Roth
10%
Afera z Żyłą Mackenzie Boyd Clowes
10%
Marinus Kraus
10%
Michael Neumayer
10%
Michael Uhrmann
10%
Before light man Miran Tepes
10%
Muhammet Ali Bedir
10%
Rafał Śliż
10%
Lotnik Roberto Cecon
10%
Robin Pedersen
10%
Bramkarz Atletico Rok Oblak
10%
Mem Sabirzan Muminov
10%
Stefan Thurnbichler
10%
Thomas Aasen Markeng
10%
Trener Polski2022-2025 Thomas Thurnbichler
10%
Tomasz Byrt
10%
2010 vibe Ville Larinto
10%
Ukraina Vitaliy Kalinichenko
10%
Przedskoczek TCS Andreas Goldberger
6%
Żona Polka Andreas Kuttel
6%
Andrew Urlaub
6%
Lotnik 2 Bjorn Einar Roomoren
6%
Znienawidzonylight man Borek Sedlak
6%
Mistrz kontynentala Clemens Aigner
6%
Dieter Thoma
6%
Wielka Bryt.Pierwszy mem Eddie Edwards
6%
IO 1994 Espen Bredesen
6%
Korea Poł.weteran Heung chul Choi
6%
Trener Japonii+- 2016 Hideharu Miyahira
6%
Klingenthal 2013 Jaka Hvala
6%
Lotnik Janne Happonen
6%
Jonathan Learoyd
6%
Jussi Hautamaeki
6%
Kaarel Nurmsalu
6%
Kaimar Vagul
6%
Powrót Kevin Bickner
6%
IO 2006 Lars Bystoel
6%
Lukas Hlava
6%
Martti Nomme
6%
Matti Hautamaeki
6%
francuski zwycięzca Nicolas Dessum
6%
Upadek Nicolas Fairall
6%
Ole Marius Ingvaldsen
6%
Primoz Peterka
6%
Trener Słoweńców 2020?-teraz Robert Hrgota
6%
Seu Choi
6%
Stanisław Leja
6%
Rekord Engelberg Stephan Embacher
6%
Maska Takanobu Okabe
6%
Tate Franz
6%
Thomas Pascal Kahofer
6%
Tilen Bartol
6%
Informatyk Tomofumi Naito
6%
Viktor Polasek
6%
Vojtech Stursa
6%
Ziga Jancar
6%
Adrian Tittel
3%
Trener Austriaków2004?-2015 Alexander Poitner
3%
Ben Bayer
3%
Stara legenda Birger Ruud
3%
Nadwaga Bor Pavlovcic
3%
ten to samo ale trochę gorszy Clemens Leitner
3%
Kazachstan Danil Vassiliev
3%
254m upadek Dmitriy Vassiliev
3%
Erik Belshaw
3%
Felix Trunz
3%
Georg Spath
3%
Ilya Mizernykh
3%
Jan Matura
3%
Juri Kesseli
3%
Kevin Maltsev
3%
Mikst IO 2022 Matthew Soukup
3%
Wielki mistrz Matti Nykanen
3%
Mihnea Alexandru Spulber
3%
Nejc Dezman
3%
Nico Kytosaho
3%
Niklas Bachlinger
3%
Wypadek samochodowy Pavel Karelin
3%
Qiwu Song
3%
Ronan Lamy Chappuis
3%
Sergey Tkachenko
3%
Sigurd Pettersen
3%
Tomas Naglic
3%
Tomas Vancura
3%
Vegard Haukoe Sklett
3%
Vilho Palosaari
3%
Vincent Decombes Sevoie
3%
2009 Wolfgang Loitzl
3%
Yanick Wasser
3%
Alan Alborn
0%
Gruzja Alan Gobozovi
0%
Andrea Campregher
0%
Andrea Morassi
0%
Andreas Granerud Buskum
0%
Ari Pekka Nikkola
0%
Arttu Lappi
0%
Arttu Pohjola
0%
Bendik Jacobsen Hegli
0%
Clint Jones
0%
Rosja Danil Sadreev
0%
David Rygl
0%
David Zauner
0%
Decker Dean
0%
Denis Kornilov
0%
Eetu Nousiainen
0%
2010 vibe Emmanuel Chedal
0%
Enzo Milesi
0%
jego syn Filip Sakala
0%
Latawiec Florian Liegl
0%
Kanada Horst Bulau
0%
Ilmir Hazetdinov
0%
Ilya Mankov
0%
SzwecjaStyl V Jan Boklov
0%
Jarkko Maatta
0%
Mistrz w lotach Jaroslav Sakala
0%
USA Jason Colby
0%
Jiri Raska
0%
Lauri Asikainen
0%
Louis Obersteiner
0%
Luca Egloff
0%
Marat Zhaparov
0%
Markus Rupitsch
0%
Markus Schiffner
0%
złota era Masahiko Harada
0%
Matjas Pungentar
0%
Maximilian Mechler
0%
Maximilian Steiner
0%
Michail Maksimochkin
0%
Michail Nazarov
0%
Nicolae Sorin Mitrofan
0%
Nicolas Alexander
0%
Grecja Nico Polychronidis
0%
Nikita Devyatkin
0%
Nikolay Karpienko
0%
Nursat Tursunzanov
0%
Olli Muotka
0%
Pascal Kaelin
0%
Patrick Gasienica
0%
Peter Zonta
0%
Phillip Sjoen
0%
Wywody Szaranowicza Primoz Ulaga
0%
Radik Zhaparov
0%
Remo Imhof
0%
Risto Jusilainen
0%
Lotnik Roar Ljokelsoey
0%
Roberto Delasega
0%
Zaskoczenie Rok Benkovic
0%
Rok Justin
0%
Niespodzianka Rok Urbanc
0%
Roman Seergevich Trofimov
0%
Sandro Hauswirth
0%
Sebastian Coloredo
0%
Shohei Tochimoto
0%
Steve Collins
0%
Svyatoslav Nazarenko
0%
Tami Kiuru
0%
Tarik Vanwieren
0%
Pandemia Thomas Lackner
0%
Tomi Nieminen
0%
Tommy Ingebrigtsen
0%
Tymoteusz Amilkiewicz
0%
Ulrich Wolghennant
0%
Veli Matti Lindstrom
0%
Chiny Weije Zhen
0%
Wiktor Szozda
0%
Yixin Lyu
0%
1972 Yukyo Kasaya
0%
Zak Mogel
0%
Nie znaleziono quizów pasujących do podanych kryteriów
Rozkład punktacji
Procent ludzi z każdym wynikiem
Percentyl według liczby udzielonych odpowiedzi
Twoja historia wyników
Nie rozwiązałeś tego quizu